Sports Logos - Statistics

General Stats
  • This quiz has been taken 3,471 times
  • The average score is 12 of 15
Answer Stats
Picture Answer % Correct
lakers
99%
bulls
97%
heat
94%
patriots
91%
Broncos
90%
lions
88%
Seahawks
88%
sharks
87%
raptors
85%
49ers
83%
Rams
81%
kings
77%
stars
73%
ducks
61%
coyotes
56%
No matching quizzes found
Score Distribution
Percent of People with Each Score
Percentile by Number Answered
Your Score History
You have not taken this quiz